| Tag |
First Indicator |
Second Indicator |
Subfields |
| LEADER |
00000cam a22000004a 4500 |
| 001 |
in00001771908 |
| 005 |
20151025074524.0 |
| 008 |
030318s2003 cau d b 001 0 eng |
| 010 |
|
|
|a 2003006517
|
| 020 |
|
|
|a 1851093729 (hardcover : alk. paper)
|
| 035 |
|
|
|a (OCoLC)ocm52047440
|
| 040 |
|
|
|a DLC
|c DLC
|d VRO
|d C#P
|d TXA
|d UtOrBLW
|
| 042 |
|
|
|a pcc
|a lcac
|
| 049 |
|
|
|a TXAM
|
| 050 |
0 |
0 |
|a HQ76.25
|b .S748 2003
|
| 082 |
0 |
0 |
|a 305.9/0664
|2 21
|
| 100 |
1 |
|
|a Stewart, Chuck,
|d 1951-
|
| 245 |
1 |
0 |
|a Gay and lesbian issues :
|b a reference handbook /
|c Chuck Stewart.
|
| 264 |
|
1 |
|a Santa Barbara, Calif. :
|b ABC-CLIO,
|c [2003]
|
| 264 |
|
4 |
|c ©2003
|
| 300 |
|
|
|a xii, 403 pages ;
|c 24 cm.
|
| 336 |
|
|
|a text
|b txt
|2 rdacontent
|
| 337 |
|
|
|a unmediated
|b n
|2 rdamedia
|
| 338 |
|
|
|a volume
|b nc
|2 rdacarrier
|
| 490 |
1 |
|
|a Contemporary world issues
|
| 520 |
|
|
|a Presents an overview, including a chronology of events, of the gay civil rights movement and includes information about court decisions, laws and statutes, prominent people, the positions of major organizations, and other issues related to gay rights.
|
| 504 |
|
|
|a Includes bibliographical references and index.
|
| 650 |
|
0 |
|a Gays
|x Social conditions.
|
| 650 |
|
0 |
|a Gay rights.
|
| 650 |
|
0 |
|a Homosexuality.
|
| 650 |
|
0 |
|a Gays
|x Services for.
|
| 650 |
|
1 |
|a Gay rights.
|
| 650 |
|
1 |
|a Homosexuality.
|
| 650 |
|
1 |
|a Gays
|x Services for.
|
| 830 |
|
0 |
|a Contemporary world issues.
|
| 948 |
|
|
|a cataloged
|b h
|c 2003/7/2
|d c
|e ceaton
|f 11:55:49 am
|
| 994 |
|
|
|a E0
|b TXA
|
| 999 |
|
|
|a MARS
|
| 999 |
f |
f |
|s 2d6c0cc8-4349-3529-a848-75bcb9b80082
|i 3165afde-11c8-3919-8298-df2d402504eb
|t 0
|
| 952 |
f |
f |
|p ric
|a Texas A&M University
|b Rellis Campus
|c Joint Library Facility
|d Remote Storage
|t 0
|e HQ76.25 .S748 2003
|h Library of Congress classification
|i unmediated -- volume
|m A14830291793
|
| 998 |
f |
f |
|a HQ76.25 .S748 2003
|t 0
|l Remote Storage
|